The Compelte Art of Printing and Enclarging (Record no. 966)

MARC details
000 -LEADER
fixed length control field 00389nam a2200157Ia 4500
003 - CONTROL NUMBER IDENTIFIER
control field IN-BaIIA
008 - FIXED-LENGTH DATA ELEMENTS--GENERAL INFORMATION
fixed length control field 211028s9999 xx 000 0 eng d
040 ## - CATALOGING SOURCE
Transcribing agency IIA Library
080 ## - UNIVERSAL DECIMAL CLASSIFICATION NUMBER
Universal Decimal Classification number 770.02
Item number CRO
100 ## - MAIN ENTRY--PERSONAL NAME
Personal name Croy, O R
9 (RLIN) 2076
245 #4 - TITLE STATEMENT
Title The Compelte Art of Printing and Enclarging
Statement of responsibility, etc. O. R. Croy
260 ## - PUBLICATION, DISTRIBUTION, ETC.
Place of publication, distribution, etc. London
Date of publication, distribution, etc. 1951
300 ## - PHYSICAL DESCRIPTION
Extent 255p.
650 ## - SUBJECT ADDED ENTRY--TOPICAL TERM
Topical term or geographic name entry element Photography
9 (RLIN) 2077
942 ## - ADDED ENTRY ELEMENTS (KOHA)
Koha item type Books
Holdings
Withdrawn status Lost status Damaged status Not for loan Home library Current library Shelving location Date acquired Total Checkouts Full call number Barcode Date last seen Price effective from Koha item type
        IIA Library-Bangalore IIA Library-Kodaikanal General Stacks     770.02/ CRO 1000 05/11/2021   Books

Powered by Koha